000
00218nam a2200097Ia 4500
005
20251222114345.0
008
251222s1900||||xx |||||||||||||| ||spa||
082
_a
DVD0094/L49
245
0
_a
Curso de Francés:
942
_c
DVD
999
_c
1013
_d
1013